<?xml version="1.0" encoding="UTF-8"?>
<collection xmlns="http://www.loc.gov/MARC21/slim">
  <record>
    <leader>00000nam  2200000   4500</leader>
    <controlfield tag="001">INLIS000000000018455</controlfield>
    <controlfield tag="005">20241118100031</controlfield>
    <datafield tag="035" ind1="#" ind2="#">
      <subfield code="a">0010-1124000121</subfield>
    </datafield>
    <controlfield tag="007">ta</controlfield>
    <controlfield tag="008">241118################g##########0#ind##</controlfield>
    <datafield tag="020" ind1="#" ind2="#">
      <subfield code="a">979-686-511-4</subfield>
    </datafield>
    <datafield tag="082" ind1="#" ind2="#">
      <subfield code="a">155.5</subfield>
    </datafield>
    <datafield tag="084" ind1="#" ind2="#">
      <subfield code="a">155.5 CAR d</subfield>
    </datafield>
    <datafield tag="100" ind1=" " ind2="#">
      <subfield code="a">Carlson, Richard</subfield>
    </datafield>
    <datafield tag="245" ind1="1" ind2="#">
      <subfield code="a">Dont Sweat The Small Stuff For Teens :</subfield>
      <subfield code="b">jangan meributkan masalah kecil buat para remaja /</subfield>
      <subfield code="c">Richard Carlson</subfield>
    </datafield>
    <datafield tag="260" ind1="#" ind2="#">
      <subfield code="a">Jakarta :</subfield>
      <subfield code="b">Gramedia Pustaka Utama,</subfield>
      <subfield code="c">2001</subfield>
    </datafield>
    <datafield tag="300" ind1="#" ind2="#">
      <subfield code="a">233 hlm. :</subfield>
      <subfield code="b">ilus ;</subfield>
      <subfield code="c">20 cm</subfield>
    </datafield>
    <datafield tag="520" ind1="#" ind2="#">
      <subfield code="a">buku ini akan membahas seratus tip yang berguna untuk kamu mengetahui masalah apa saja yang merupakan masalah kecil dan bagaimana cara menghadapinya. Bila kamu mau menerima hidup ini apa adanya, tidak lagi merasa terganggu dengan masalah kecil, dan biasa memecahkan masalah dengan cara yang sehat dan mudah, kamu akan menjadi lebih bahagia, lebih pedemm dan lkebih bisa menerima disimu sendiri.</subfield>
    </datafield>
    <datafield tag="990" ind1="#" ind2="#">
      <subfield code="a">03087868</subfield>
    </datafield>
  </record>
</collection>
